00766 2200253 4500001002100000005001700021008004100038020001800079035002400097082001000121084001700131100003000148245015300178250001100331260003800342300002400380650001300404700002000417850001500437999001500452999001500467999001500482999001500497YOGYA-0209000003667920170111094623.0 ind  a979-9222-93-1 0010-020900000036679 a152.4 a152.4bPri M aPRIAMBODO, Debyo Sumantri aMonolog kang sastrobsebuah renungan tentang berbagai peristiwa dan perilaku anak manusiacoleh Dibyo Sumantri Prambodo ; penyunting, Windy Afiyanti aCet. 1 aYogyakartabMedia Pressindoc2004 axii, 154 hlmc21 cm aPerilaku aAfiyanti, Windy aYOPDYOG(B) a06P0000901 a06P0000902 a06P0000903 a06P0000904